| 000 | 00750cam a2200265Ia 4500 | ||
|---|---|---|---|
| 999 |
_c5961 _d5961 |
||
| 001 | 36966806 | ||
| 003 | OCoLC | ||
| 005 | 20190111120617.0 | ||
| 008 | 970527s1976 okua 000 0 eng d | ||
| 020 | _a0892740019 | ||
| 020 | _a9780892740017 | ||
| 028 | 0 | 0 |
_aHH-001/395 _bHarrison House |
| 035 |
_a(OCoLC)36966806 _z(OCoLC)7520650 |
||
| 040 |
_aPBE _cPBE _dOKO _dBAKER _dNZWPM _dBMS _dYDXCP _dOCLCO |
||
| 050 | 4 |
_aBT771.2 _b.P692 |
|
| 082 | 0 | 4 |
_a234.2 _219 _bP945H |
| 092 | 0 |
_a234.23 _bP9456 |
|
| 100 | 1 | _aPrice, Frederick K. C. | |
| 245 | 1 | 0 |
_aHow faith works / _cby Frederick K.C. Price. |
| 250 | _a7th printing. | ||
| 260 |
_aTulsa, OK. : _bHarrison House, _cc1976. |
||
| 300 |
_a128 p. : _bill. ; _c22 cm. |
||
| 650 | 0 | _aFaith. | |
| 942 |
_2ddc _cBK |
||